[Event "6. Torneo de Promoción C.A. Mar Menor"]
[Site "San Pedro del Pinatar ESP"]
[Date "2015.01.30"]
[Round "1.1"]
[White "Grigoriev, Ivan"]
[Black "Pujante Martinez, Rafael"]
[Result "0-1"]
[WhiteElo "2161"]
[BlackElo "1619"]
[PlyCount "59"]
[EventDate "2015.01.30"]
[EventType "swiss"]
[EventRounds "7"]
[EventCountry "ESP"]
[Source "lmi"]
[SourceDate "2015.01.03"]

1. c4 Nf6 2. g3 g6 3. Bg2 Bg7 4. Nc3 d6 5. Nf3 O-O 6. O-O Nbd7 7. d4 e5 8. h3
exd4 9. Nxd4 Ne5 10. b3 Rb8 11. Bb2 Bd7 12. Qd2 a6 13. Rac1 Qe8 14. Nd5 Nxd5
15. cxd5 Rc8 16. Qb4 b5 17. Kh2 f5 18. Qa5 c5 19. Ne6 Bxe6 20. dxe6 Qxe6 21.
Qxa6 Ng4+ 22. hxg4 Bxb2 23. Rc2 Be5 24. Rd2 Qd7 25. f4 Bd4 26. e3 Bxe3 27. Rxd6
Qf7 28. gxf5 Qxf5 29. Qxb5 Rce8 30. Rd7 0-1

[Event "6. Torneo de Promoción C.A. Mar Menor"]
[Site "San Pedro del Pinatar ESP"]
[Date "2015.01.30"]
[Round "1.2"]
[White "Aledo Yanguas, David"]
[Black "Cantero, Antonio"]
[Result "0-1"]
[WhiteElo "1611"]
[BlackElo "2149"]
[PlyCount "115"]
[EventDate "2015.01.30"]
[EventType "swiss"]
[EventRounds "7"]
[EventCountry "ESP"]
[Source "lmi"]
[SourceDate "2015.01.03"]

1. e4 e5 2. Nf3 Nc6 3. c3 d5 4. Qa4 Qd6 5. exd5 Qxd5 6. d4 Bd7 7. Bb5 a6 8.
Bxc6 Bxc6 9. Qd1 O-O-O 10. Be3 Nf6 11. Nbd2 exd4 12. cxd4 Bd6 13. Qc2 Ng4 14.
h3 Nxe3 15. fxe3 Bg3+ 16. Kf1 f5 17. Kg1 g5 18. Qc4 Qd7 19. Nxg5 Rhg8 20. Ngf3
Qg7 21. Qe2 Bb5 22. Nc4 Bxc4 23. Qxc4 Bf2+ 24. Kxf2 Qxg2+ 25. Ke1 Qxh1+ 26. Qf1
Qxf1+ 27. Kxf1 Rg3 28. Kf2 Rdg8 29. Nh4 Rxh3 30. Nxf5 Rf8 31. e4 Rh5 32. Ke3
Rfxf5 33. exf5 Rxf5 34. Rh1 h5 35. Ke4 Rg5 36. Rh4 Kd7 37. Kd3 Kd6 38. Kc4 c6
39. a3 a5 40. a4 b6 41. b4 b5+ 42. Kb3 axb4 43. Kxb4 Rg4 44. Rxh5 Rxd4+ 45. Ka5
Rxa4+ 46. Kb6 Rc4 47. Rh6+ Kd5 48. Rh3 b4 49. Rb3 c5 50. Kb5 Rc3 51. Rb2 b3 52.
Ka4 c4 53. Ka3 Kd4 54. Rh2 Rc2 55. Rh4+ Kd3 56. Rh3+ Ke4 57. Rh4+ Kf3 58. Rh3+
0-1

[Event "6. Torneo de Promoción C.A. Mar Menor"]
[Site "San Pedro del Pinatar ESP"]
[Date "2015.01.30"]
[Round "1.3"]
[White "Garcia Ramos, Marcos"]
[Black "Alonso Garcia, Aaron"]
[Result "1-0"]
[WhiteElo "2137"]
[BlackElo "1600"]
[PlyCount "36"]
[EventDate "2015.01.30"]
[EventType "swiss"]
[EventRounds "7"]
[EventCountry "ESP"]
[Source "lmi"]
[SourceDate "2015.01.03"]

1. e4 c5 2. Nf3 a6 3. c4 g6 4. d4 Bg7 5. Nc3 Nc6 6. dxc5 Nf6 7. Be2 O-O 8. O-O
Qa5 9. h3 Qxc5 10. Be3 Qa5 11. Qd2 d6 12. a3 Be6 13. Ng5 Bd7 14. f4 Qc7 15.
Rac1 Qb8 16. c5 Rd8 17. cxd6 exd6 18. Bc4 Rf8 1-0

[Event "6. Torneo de Promoción C.A. Mar Menor"]
[Site "San Pedro del Pinatar ESP"]
[Date "2015.01.30"]
[Round "1.4"]
[White "Colchero Truniger, Oliver"]
[Black "Amate Tortosa, Bernardo"]
[Result "0-1"]
[WhiteElo "1595"]
[BlackElo "2134"]
[PlyCount "54"]
[EventDate "2015.01.30"]
[EventType "swiss"]
[EventRounds "7"]
[EventCountry "ESP"]
[Source "lmi"]
[SourceDate "2015.01.03"]

1. e4 c5 2. Nc3 Nc6 3. f4 g6 4. Nf3 Bg7 5. Bc4 e6 6. O-O Nge7 7. a4 d5 8. Bb5
dxe4 9. Nxe4 O-O 10. Kh1 b6 11. Ra3 Qc7 12. Qe1 Bb7 13. Nfg5 h6 14. Rh3 Nd4 15.
Bc4 Nxc2 16. Qh4 Nf5 17. Nxe6 Qc6 18. Qg4 Qxe4 19. Nxf8 Qxc4 20. d3 Qd5 21.
Nxg6 fxg6 22. Qxg6 Qf7 23. Qg4 Re8 24. Rg1 Kh7 25. Rh5 Nce3 26. Qh3 Nxg2 27.
Rf1 Nxf4+ 0-1

[Event "6. Torneo de Promoción C.A. Mar Menor"]
[Site "San Pedro del Pinatar ESP"]
[Date "2015.01.30"]
[Round "1.5"]
[White "Sabater Sanchez, Asensio"]
[Black "Andres Zamorano, Cayo"]
[Result "1-0"]
[WhiteElo "2117"]
[BlackElo "1583"]
[PlyCount "95"]
[EventDate "2015.01.30"]
[EventType "swiss"]
[EventRounds "7"]
[EventCountry "ESP"]
[Source "lmi"]
[SourceDate "2015.01.03"]

1. b3 Nf6 2. Bb2 e6 3. e3 c6 4. Nf3 d5 5. c4 Nbd7 6. Nc3 Bd6 7. Rc1 O-O 8. Qc2
Ne5 9. Be2 Qe7 10. O-O Bd7 11. h3 Rac8 12. Qb1 dxc4 13. bxc4 Nxf3+ 14. Bxf3 Ba3
15. Bxa3 Qxa3 16. Qxb7 Rb8 17. Qc7 Rfc8 18. Qe5 Rb2 19. g4 Rxd2 20. Nb1 Qb2 21.
Qg3 Rc2 22. Rxc2 Qxc2 23. Qd6 h6 24. h4 Be8 25. g5 hxg5 26. hxg5 Ne4 27. Qe5
Nd2 28. Nxd2 Qxd2 29. g6 Qd7 30. Rd1 Qe7 31. Rd6 Qf6 32. gxf7+ Bxf7 33. Qxf6
gxf6 34. Rxc6 Rxc6 35. Bxc6 a5 36. Kg2 Kf8 37. a3 Ke7 38. c5 Bg6 39. f4 e5 40.
Kf3 Ke6 41. Bb7 Bc2 42. Ke2 exf4 43. exf4 Kf5 44. c6 Be4 45. Ke3 Bh1 46. Bc8+
Kg6 47. c7 Bc6 48. Bf5+ 1-0

[Event "6. Torneo de Promoción C.A. Mar Menor"]
[Site "San Pedro del Pinatar ESP"]
[Date "2015.01.30"]
[Round "1.6"]
[White "Alvarez Sanchez, Julian"]
[Black "Donado-Mazarron Gomez, Miguel"]
[Result "0-1"]
[WhiteElo "1580"]
[BlackElo "2081"]
[PlyCount "74"]
[EventDate "2015.01.30"]
[EventType "swiss"]
[EventRounds "7"]
[EventCountry "ESP"]
[Source "lmi"]
[SourceDate "2015.01.03"]

1. e4 c5 2. Nf3 d6 3. d4 cxd4 4. Nxd4 Nf6 5. Nc3 a6 6. Be2 e5 7. Nf3 h6 8. O-O
Be7 9. a4 Be6 10. h3 O-O 11. Be3 Nc6 12. Qd2 Rc8 13. Bd3 Na5 14. Qe2 Qc7 15.
Nd2 d5 16. exd5 Nxd5 17. Nxd5 Bxd5 18. f3 Rfd8 19. b3 Nc6 20. Qf2 Nb4 21. Bf5
Be6 22. Bxe6 fxe6 23. c4 Nc2 24. Bb6 Rxd2 25. Qxd2 Qxb6+ 26. Kh1 Nxa1 27. Rxa1
Rd8 28. Qc3 Bf6 29. Qc2 e4 30. Re1 e3 31. Qe4 Bd4 32. Rb1 a5 33. Qc2 Qd6 34.
Qe2 Qg3 35. Rd1 Rd6 36. Kg1 Be5 37. Rxd6 Qh2+ 0-1

[Event "6. Torneo de Promoción C.A. Mar Menor"]
[Site "San Pedro del Pinatar ESP"]
[Date "2015.01.30"]
[Round "1.7"]
[White "Escudero Manzano, Sergio"]
[Black "Iriarte Callejas, Joaquin"]
[Result "1-0"]
[WhiteElo "2081"]
[BlackElo "1565"]
[PlyCount "33"]
[EventDate "2015.01.30"]
[EventType "swiss"]
[EventRounds "7"]
[EventCountry "ESP"]
[Source "lmi"]
[SourceDate "2015.01.03"]

1. e4 c5 2. Nf3 Nc6 3. d4 cxd4 4. Nxd4 e5 5. Nb5 d6 6. c4 a6 7. N5c3 Be7 8. Nd5
f5 9. Be3 f4 10. Bb6 Qd7 11. Nc7+ Kf8 12. Nxa8 Bd8 13. Nc3 Nf6 14. Be2 Qe7 15.
Qd2 Be6 16. O-O-O Nd7 17. Bxd8 1-0

[Event "6. Torneo de Promoción C.A. Mar Menor"]
[Site "San Pedro del Pinatar ESP"]
[Date "2015.01.30"]
[Round "1.8"]
[White "Espin Lopez, Isidoro"]
[Black "Galiano Martinez, Antonio"]
[Result "0-1"]
[WhiteElo "1554"]
[BlackElo "2015"]
[PlyCount "70"]
[EventDate "2015.01.30"]
[EventType "swiss"]
[EventRounds "7"]
[EventCountry "ESP"]
[Source "lmi"]
[SourceDate "2015.01.03"]

1. e4 c5 2. Nf3 Nc6 3. d4 cxd4 4. Nxd4 Nf6 5. Nc3 e5 6. Ndb5 d6 7. Bg5 a6 8.
Na3 b5 9. Nd5 Be7 10. Be3 Rb8 11. f3 O-O 12. c3 b4 13. Nc2 bxc3 14. bxc3 Nxd5
15. exd5 Na5 16. Nb4 Bg5 17. Qd2 Bxe3 18. Qxe3 Nc4 19. Bxc4 Qh4+ 20. Kd2 Qxc4
21. Qd3 Qc5 22. Qe3 Qc7 23. Kd3 Bf5+ 24. Kd2 a5 25. Nd3 Qc4 26. Rhc1 Rfc8 27.
g4 Bg6 28. h4 Qxd5 29. h5 Bxd3 30. Qxd3 Rb2+ 31. Rc2 Rxc2+ 32. Kxc2 Qc5 33. Qd2
d5 34. Rd1 Qg1 35. Qe1 Qxe1 0-1

[Event "6. Torneo de Promoción C.A. Mar Menor"]
[Site "San Pedro del Pinatar ESP"]
[Date "2015.01.30"]
[Round "1.9"]
[White "Aparicio Gascon, Pedro"]
[Black "Gonzalez Guirao, Pedro Manuel"]
[Result "1/2-1/2"]
[WhiteElo "2012"]
[BlackElo "1554"]
[PlyCount "86"]
[EventDate "2015.01.30"]
[EventType "swiss"]
[EventRounds "7"]
[EventCountry "ESP"]
[Source "lmi"]
[SourceDate "2015.01.03"]

1. e4 e6 2. d4 d5 3. Nd2 dxe4 4. Nxe4 Bd7 5. Nf3 Bc6 6. Bd3 Nd7 7. O-O Be7 8.
Qe2 Ngf6 9. Ng3 O-O 10. Re1 Bxf3 11. Qxf3 c6 12. c3 Re8 13. Bg5 Nf8 14. h4 Nd5
15. Bxe7 Qxe7 16. h5 Qf6 17. Be4 Qxf3 18. Bxf3 Nd7 19. Ne4 N7f6 20. a3 Nxe4 21.
Bxe4 Nf6 22. Bf3 Re7 23. b4 Rae8 24. Re5 Nd7 25. Re3 Nb6 26. a4 Nd5 27. Bxd5
exd5 28. Rxe7 Rxe7 29. Kf1 f5 30. f3 Kf7 31. Kf2 Kf6 32. f4 g5 33. hxg6 hxg6
34. Rh1 Kg7 35. Kf3 Re8 36. a5 a6 37. Kf2 Re4 38. Kf3 Re8 39. g3 Re7 40. Rd1
Re4 41. Rd2 Kf6 42. Rh2 Kg7 43. Re2 Kf6 1/2-1/2

[Event "6. Torneo de Promoción C.A. Mar Menor"]
[Site "San Pedro del Pinatar ESP"]
[Date "2015.01.30"]
[Round "1.10"]
[White "Banos Cumbrera, Francisco Javie"]
[Black "Alvarez Morales, Miguel"]
[Result "0-1"]
[WhiteElo "1532"]
[BlackElo "1981"]
[PlyCount "94"]
[EventDate "2015.01.30"]
[EventType "swiss"]
[EventRounds "7"]
[EventCountry "ESP"]
[Source "lmi"]
[SourceDate "2015.01.03"]

1. e4 g6 2. d4 c6 3. c3 d5 4. Bd3 Bg7 5. exd5 cxd5 6. f4 Nh6 7. h3 Nf5 8. Qf3
e6 9. Qf2 Nc6 10. Nf3 Nd6 11. Qe2 f5 12. Be3 Ne4 13. Bxe4 dxe4 14. Ne5 Qh4+ 15.
Qf2 Qxf2+ 16. Kxf2 Ne7 17. c4 a6 18. Nc3 O-O 19. Rag1 Rd8 20. g4 b5 21. c5 b4
22. Ne2 a5 23. a3 Ba6 24. axb4 Bxe5 25. fxe5 Bxe2 26. Kxe2 axb4 27. Bg5 Rd7 28.
Bxe7 Rxe7 29. Ra1 Rea7 30. Rxa7 Rxa7 31. Ke3 Kf7 32. g5 Ke7 33. h4 Ra2 34. Rh2
Kd7 35. Rc2 Kc6 36. Rd2 Ra1 37. Rh2 Rf1 38. Rh3 Rg1 39. Rh2 Rg3+ 40. Ke2 Rb3
41. Ke1 f4 42. Rf2 f3 43. Rc2 Rd3 44. Kf2 b3 45. Rc1 Rd2+ 46. Ke1 Rxb2 47. Kf1
Rc2 0-1

[Event "6. Torneo de Promoción C.A. Mar Menor"]
[Site "San Pedro del Pinatar ESP"]
[Date "2015.01.30"]
[Round "2.1"]
[White "Cantero, Antonio"]
[Black "Jimenez Ramallo, Francisco J"]
[Result "1/2-1/2"]
[WhiteElo "2149"]
[BlackElo "1778"]
[PlyCount "137"]
[EventDate "2015.01.30"]
[EventType "swiss"]
[EventRounds "7"]
[EventCountry "ESP"]
[Source "lmi"]
[SourceDate "2015.01.03"]

1. e4 d5 2. exd5 Qxd5 3. Nc3 Qd8 4. Bc4 Nf6 5. Nf3 Bf5 6. d3 e6 7. h3 c6 8. Qe2
Be7 9. Bd2 Nbd7 10. Nh4 Bg6 11. Nxg6 hxg6 12. Ne4 Nxe4 13. dxe4 Bf6 14. O-O-O
Qb6 15. c3 O-O-O 16. f4 Qa5 17. Kb1 b5 18. Bb3 c5 19. e5 Be7 20. c4 b4 21. Qe4
Qb6 22. Be3 Nb8 23. Rxd8+ Rxd8 24. Bd1 Qc6 25. Qc2 Qd7 26. Be2 Nc6 27. Qe4 Nb8
28. Rd1 Qc6 29. Rxd8+ Kxd8 30. Qd3+ Qd7 31. Qe4 Qc6 32. Qd3+ Qd7 33. Qc2 Nc6
34. Qe4 Kc7 35. Bf3 Na5 36. Kc1 Qc6 37. Qc2 Qa6 38. b3 Nc6 39. Kb1 Qb7 40. Qf2
Qb6 41. g4 Nd4 42. Bg2 Nc6 43. Qf3 a5 44. g5 Qb7 45. Qf2 Qb6 46. Qh4 Qb8 47.
Qf2 Qd8 48. Qc2 Qd7 49. Kc1 Nd4 50. Qd3 Nf5 51. Qe4 Nxe3 52. Qxe3 Qd4 53. Qxd4
cxd4 54. Kd2 Bc5 55. Kd3 Kd7 56. h4 Ke7 57. Be4 Kd7 58. Ke2 Kc7 59. Kf3 Kd7 60.
Bd3 Ke7 61. Kg4 Bb6 62. h5 gxh5+ 63. Kxh5 g6+ 64. Kg4 Bc5 65. Kf3 Kd7 66. Ke2
Kc7 67. Be4 Kd7 68. Kd3 Kc7 69. Bf3 1/2-1/2

[Event "6. Torneo de Promoción C.A. Mar Menor"]
[Site "San Pedro del Pinatar ESP"]
[Date "2015.01.30"]
[Round "2.2"]
[White "Motos Abellan, Daniel"]
[Black "Garcia Ramos, Marcos"]
[Result "1-0"]
[WhiteElo "1790"]
[BlackElo "2137"]
[PlyCount "89"]
[EventDate "2015.01.30"]
[EventType "swiss"]
[EventRounds "7"]
[EventCountry "ESP"]
[Source "lmi"]
[SourceDate "2015.01.03"]

1. d4 Nf6 2. c4 e6 3. Nc3 Bb4 4. e3 b6 5. Be2 Bb7 6. Bf3 Bxf3 7. Qxf3 d5 8.
Nge2 O-O 9. O-O c6 10. b3 Nbd7 11. a4 Re8 12. Ba3 Bxa3 13. Rxa3 e5 14. cxd5
exd4 15. Nxd4 Ne5 16. Qe2 Nxd5 17. Nxd5 Qxd5 18. Rd1 Rad8 19. Raa1 c5 20. e4
Qd6 21. Nf5 Qf6 22. Rxd8 Rxd8 23. Rd1 Nc6 24. h3 Kf8 25. Qg4 Rxd1+ 26. Qxd1 Qe6
27. Qd2 f6 28. f3 Kf7 29. Kf2 g6 30. Nd6+ Kg7 31. Nb5 Na5 32. Nxa7 Nxb3 33. Qd5
Qxd5 34. exd5 Kf7 35. Nc8 Na5 36. Nxb6 Ke7 37. Ke2 Kd6 38. Kd3 Nb3 39. Kc4 Nd2+
40. Kb5 Nb3 41. a5 c4 42. Nxc4+ Kxd5 43. a6 Nd4+ 44. Kb6 Nc6 45. Na5 1-0

[Event "6. Torneo de Promoción C.A. Mar Menor"]
[Site "San Pedro del Pinatar ESP"]
[Date "2015.01.30"]
[Round "2.3"]
[White "Amate Tortosa, Bernardo"]
[Black "Valera Munoz, Miguel A"]
[Result "1-0"]
[WhiteElo "2134"]
[BlackElo "1767"]
[PlyCount "65"]
[EventDate "2015.01.30"]
[EventType "swiss"]
[EventRounds "7"]
[EventCountry "ESP"]
[Source "lmi"]
[SourceDate "2015.01.03"]

1. e4 c5 2. c3 e6 3. d4 d5 4. e5 Nc6 5. Nf3 cxd4 6. cxd4 Qb6 7. Bd3 Bd7 8. O-O
Nxd4 9. Nbd2 Nc6 10. Nb3 Nge7 11. Re1 Ng6 12. h4 Nb4 13. Bb1 a5 14. h5 Ne7 15.
h6 Ng6 16. hxg7 Bxg7 17. Ng5 Rc8 18. a3 Nc6 19. Be3 Qd8 20. f4 b6 21. Qh5 Nce7
22. Nd4 h6 23. Ndxe6 fxe6 24. Bxg6+ Nxg6 25. Qxg6+ Kf8 26. Nxe6+ Bxe6 27. Qxe6
d4 28. Rad1 d3 29. Bxb6 Qe8 30. Qf5+ Kg8 31. Rxd3 Ra8 32. Red1 Bf8 33. Rd7 1-0

[Event "6. Torneo de Promoción C.A. Mar Menor"]
[Site "San Pedro del Pinatar ESP"]
[Date "2015.01.30"]
[Round "2.4"]
[White "Duarte Garcia, Pilar"]
[Black "Sabater Sanchez, Asensio"]
[Result "0-1"]
[WhiteElo "1768"]
[BlackElo "2117"]
[PlyCount "80"]
[EventDate "2015.01.30"]
[EventType "swiss"]
[EventRounds "7"]
[EventCountry "ESP"]
[Source "lmi"]
[SourceDate "2015.01.03"]

1. d4 Nf6 2. c4 c6 3. Nf3 d5 4. Qc2 dxc4 5. Qxc4 Bf5 6. Qb3 Qb6 7. Nbd2 e6 8.
g3 Nbd7 9. Bg2 a5 10. Qxb6 Nxb6 11. Ne5 h6 12. Ndc4 Nxc4 13. Nxc4 Bb4+ 14. Bd2
O-O-O 15. Bxb4 axb4 16. e3 Kc7 17. Ne5 Rhf8 18. Ke2 Nd7 19. Nd3 Bxd3+ 20. Kxd3
Nb6 21. Ke2 Ra8 22. a3 bxa3 23. Rxa3 Rxa3 24. bxa3 Ra8 25. Ra1 Nc4 26. a4 Nb6
27. a5 Nc4 28. Kd3 Rxa5 29. Rxa5 Nxa5 30. Kc3 b5 31. Kb4 Kb6 32. Bf1 Nb7 33.
Be2 f6 34. f4 Nd6 35. Bd3 Nf5 36. Bxf5 exf5 37. h3 h5 38. Kc3 c5 39. dxc5+ Kxc5
40. Kb3 b4 0-1

[Event "6. Torneo de Promoción C.A. Mar Menor"]
[Site "San Pedro del Pinatar ESP"]
[Date "2015.01.30"]
[Round "2.5"]
[White "Donado-Mazarron Gomez, Miguel"]
[Black "Martinez Buendia, Andres"]
[Result "1/2-1/2"]
[WhiteElo "2081"]
[BlackElo "1753"]
[PlyCount "67"]
[EventDate "2015.01.30"]
[EventType "swiss"]
[EventRounds "7"]
[EventCountry "ESP"]
[Source "lmi"]
[SourceDate "2015.01.03"]

1. d4 Nf6 2. c4 g6 3. Nc3 Bg7 4. e4 d6 5. Nf3 O-O 6. Be2 e5 7. O-O Nc6 8. d5
Ne7 9. Ne1 Ne8 10. Nd3 b6 11. Bd2 f5 12. b4 c5 13. dxc6 Nxc6 14. b5 Nd4 15. Nb4
Nc7 16. Be3 Nce6 17. f3 f4 18. Bxd4 exd4 19. Nc6 Qg5 20. Nd5 d3 21. Bxd3 Bxa1
22. Qxa1 Rf7 23. e5 Nc5 24. Bc2 dxe5 25. Nxe5 Rg7 26. Re1 Bf5 27. Ng4 Bxc2 28.
Ndf6+ Kf8 29. Qd4 Rf7 30. Nd7+ Rxd7 31. Qh8+ Kf7 32. Qxh7+ Kf8 33. Qh8+ Kf7 34.
Qh7+ 1/2-1/2

[Event "6. Torneo de Promoción C.A. Mar Menor"]
[Site "San Pedro del Pinatar ESP"]
[Date "2015.01.30"]
[Round "2.6"]
[White "Espadina Solano, Jaime"]
[Black "Escudero Manzano, Sergio"]
[Result "0-1"]
[WhiteElo "1754"]
[BlackElo "2081"]
[PlyCount "58"]
[EventDate "2015.01.30"]
[EventType "swiss"]
[EventRounds "7"]
[EventCountry "ESP"]
[Source "lmi"]
[SourceDate "2015.01.03"]

1. e4 c5 2. Nf3 Nc6 3. g3 g6 4. Bg2 Bg7 5. O-O e6 6. c3 Nge7 7. d4 cxd4 8. cxd4
d6 9. Nc3 O-O 10. Be3 b6 11. Qd2 Ba6 12. Rfd1 Rc8 13. Bh6 Na5 14. Bxg7 Kxg7 15.
b3 h6 16. Rac1 Bb7 17. Qf4 f5 18. Qh4 g5 19. Qh5 Ng6 20. exf5 Rxf5 21. b4 Nc4
22. Ne5 Ncxe5 23. dxe5 Bxg2 24. Rxd6 Qe7 25. Kxg2 Nxe5 26. Rdd1 Qb7+ 27. Kf1
Rcf8 28. Rc2 Qh1+ 29. Ke2 Rxf2+ 0-1

[Event "6. Torneo de Promoción C.A. Mar Menor"]
[Site "San Pedro del Pinatar ESP"]
[Date "2015.01.30"]
[Round "2.7"]
[White "Galiano Martinez, Antonio"]
[Black "Garcia Navarro, Jose Jesus"]
[Result "1-0"]
[WhiteElo "2015"]
[BlackElo "1746"]
[PlyCount "71"]
[EventDate "2015.01.30"]
[EventType "swiss"]
[EventRounds "7"]
[EventCountry "ESP"]
[Source "lmi"]
[SourceDate "2015.01.03"]

1. d4 c5 2. d5 d6 3. c4 g6 4. Nc3 Bg7 5. e4 e6 6. f4 Nf6 7. Nf3 exd5 8. cxd5
Bg4 9. Bb5+ Nbd7 10. a4 O-O 11. O-O a6 12. Bc4 Re8 13. h3 Bxf3 14. Qxf3 Rb8 15.
Bd2 Qe7 16. Rae1 Nb6 17. Ba2 Qc7 18. e5 Nfd7 19. a5 Nc8 20. e6 fxe6 21. dxe6
Nf6 22. f5 Ne7 23. fxg6 hxg6 24. Bg5 Rf8 25. Qg3 c4 26. Qh4 Nfd5 27. Nxd5 Nxd5
28. Bxc4 Qc5+ 29. Kh1 Rxf1+ 30. Rxf1 Rc8 31. b3 Rf8 32. Rd1 Rf5 33. e7 Kf7 34.
Qe4 Re5 35. Rf1+ Ke8 36. Qxg6+ 1-0

[Event "6. Torneo de Promoción C.A. Mar Menor"]
[Site "San Pedro del Pinatar ESP"]
[Date "2015.01.30"]
[Round "2.8"]
[White "Alvarez Morales, Miguel"]
[Black "Colchero Truniger, Alejandro"]
[Result "1-0"]
[WhiteElo "1981"]
[BlackElo "1737"]
[PlyCount "111"]
[EventDate "2015.01.30"]
[EventType "swiss"]
[EventRounds "7"]
[EventCountry "ESP"]
[Source "lmi"]
[SourceDate "2015.01.03"]

1. d4 d5 2. Nf3 c6 3. g3 e6 4. Bg2 Nf6 5. O-O Bd6 6. Re1 O-O 7. Bg5 h6 8. Bxf6
Qxf6 9. e4 dxe4 10. Rxe4 c5 11. Nc3 Nc6 12. Nb5 Be7 13. Rf4 Qg6 14. dxc5 Bxc5
15. Nh4 Qg5 16. Nf3 Qe7 17. Qe1 Bd7 18. a3 e5 19. Re4 Bf5 20. Re2 Rae8 21. b4
Bb6 22. Rd1 Rd8 23. Rxd8 Rxd8 24. Nxe5 Re8 25. Bxc6 bxc6 26. Nc3 Qf6 27. Nd7
Bxd7 28. Rxe8+ Bxe8 29. Qxe8+ Kh7 30. Qe4+ g6 31. Nd1 Qa1 32. Qf3 Kg7 33. Qc3+
Bd4 34. Qxa1 Bxa1 35. c3 Kf6 36. Kf1 Ke5 37. Ke2 Kd5 38. Kd3 f6 39. f3 a6 40.
Ne3+ Ke6 41. Kc2 f5 42. Kb3 g5 43. Nc2 g4 44. fxg4 fxg4 45. Nd4+ Kd5 46. Nf5 h5
47. Ng7 Ke4 48. Kc2 Kf3 49. Nxh5 Kg2 50. Nf6 Kh3 51. a4 Kxh2 52. Nxg4+ Kxg3 53.
Ne5 Kf4 54. Nxc6 Ke4 55. Nd4 Ke3 56. Nb3 1-0

[Event "6. Torneo de Promoción C.A. Mar Menor"]
[Site "San Pedro del Pinatar ESP"]
[Date "2015.01.30"]
[Round "2.9"]
[White "Villalba Fernandez, Pedro Davi"]
[Black "Lasheras, Juan Thomas"]
[Result "0-1"]
[WhiteElo "1750"]
[BlackElo "1977"]
[PlyCount "96"]
[EventDate "2015.01.30"]
[EventType "swiss"]
[EventRounds "7"]
[EventCountry "ESP"]
[Source "lmi"]
[SourceDate "2015.01.03"]

1. d4 Nf6 2. c4 e6 3. Nc3 Bb4 4. Bg5 c5 5. a3 Bxc3+ 6. bxc3 Qa5 7. Bd2 Ne4 8.
Qc2 Nxd2 9. Qxd2 b6 10. e4 Bb7 11. d5 O-O 12. Bd3 f5 13. exf5 exd5 14. Ne2 Qa4
15. cxd5 Qh4 16. c4 b5 17. O-O bxc4 18. g3 Qg4 19. f3 Qh3 20. Nf4 Qh6 21. Bxc4
Rxf5 22. Rfe1 Rf8 23. Rab1 Ba6 24. Bxa6 Nxa6 25. Re7 Rab8 26. Rxb8 Nxb8 27. d6
Nc6 28. Qd5+ Kh8 29. Rxd7 Nd4 30. Rf7 Rb8 31. Qb7 Qxd6 32. Qe4 Nc6 33. Nh5 Qd1+
34. Kg2 Qd2+ 35. Kh3 Qh6 36. g4 Nd4 37. Rxg7 Rf8 38. f4 Ne6 39. Re7 Nxf4+ 40.
Kg3 Nxh5+ 41. gxh5 Qg5+ 42. Kh3 Qxh5+ 43. Kg3 Rg8+ 44. Kf2 Qxh2+ 45. Ke3 Rg3+
46. Kf4 Qh4+ 47. Kf5 Rg5+ 48. Kf6 Rg4+ 0-1

[Event "6. Torneo de Promoción C.A. Mar Menor"]
[Site "San Pedro del Pinatar ESP"]
[Date "2015.01.30"]
[Round "2.10"]
[White "Fernandez Alvarez, Luis"]
[Black "Castillo Lorente, Jose Luis"]
[Result "1-0"]
[WhiteElo "1973"]
[BlackElo "1712"]
[PlyCount "71"]
[EventDate "2015.01.30"]
[EventType "swiss"]
[EventRounds "7"]
[EventCountry "ESP"]
[Source "lmi"]
[SourceDate "2015.01.03"]

1. e4 c5 2. Nf3 Nc6 3. d4 cxd4 4. Nxd4 Nf6 5. Nc3 d6 6. Bg5 e6 7. Qd2 h6 8.
Bxf6 gxf6 9. O-O-O a6 10. f4 Qa5 11. Nb3 Qc7 12. Kb1 b5 13. Bd3 Bb7 14. Rhf1
Be7 15. f5 Ne5 16. Nd4 Nc4 17. Qe2 e5 18. Ndxb5 axb5 19. Nxb5 Qa5 20. Bxc4 O-O
21. Nxd6 Bxd6 22. Rxd6 Rfc8 23. Bb3 Ba6 24. Qg4+ Kf8 25. Rfd1 Bc4 26. Qh3 Bxb3
27. Qxb3 Rab8 28. Qh3 Ke8 29. R6d3 Qc5 30. c3 Qa3 31. R1d2 Qa7 32. Qxh6 Rc7 33.
Qxf6 Qg1+ 34. Rd1 Rxb2+ 35. Kxb2 Rb7+ 36. Ka1 1-0

[Event "6. Torneo de Promoción C.A. Mar Menor"]
[Site "San Pedro del Pinatar ESP"]
[Date "2015.01.31"]
[Round "3.1"]
[White "Perez Beltran, Jose Maria"]
[Black "Amate Tortosa, Bernardo"]
[Result "1-0"]
[WhiteElo "1896"]
[BlackElo "2134"]
[PlyCount "83"]
[EventDate "2015.01.30"]
[EventType "swiss"]
[EventRounds "7"]
[EventCountry "ESP"]
[Source "lmi"]
[SourceDate "2015.01.03"]

1. e4 c5 2. d4 cxd4 3. c3 Nf6 4. e5 Nd5 5. Nf3 Nc6 6. cxd4 d6 7. Qb3 dxe5 8.
dxe5 e6 9. Bb5 Bb4+ 10. Bd2 Qa5 11. Bxc6+ bxc6 12. O-O O-O 13. a3 Bxd2 14.
Nbxd2 Qb6 15. Qc2 Ba6 16. Rfc1 Nf4 17. Nc4 Bxc4 18. Qxc4 Ng6 19. Rab1 Rfc8 20.
b4 h6 21. Qe4 a5 22. Nd2 axb4 23. Nc4 Qa6 24. axb4 Rab8 25. Ra1 Qb5 26. Nd6
Qxe5 27. Qxe5 Nxe5 28. Nxc8 Rxc8 29. b5 Nd3 30. Rxc6 Rb8 31. Rb1 Ne5 32. Ra6
Nd7 33. b6 Rb7 34. g3 Kh7 35. f4 Kg6 36. Kf2 h5 37. Ke3 Kf6 38. Kd4 g6 39. Kc4
Ke7 40. Kb5 Ke8 41. Ra8+ Nb8 42. Ra6 1-0

[Event "6. Torneo de Promoción C.A. Mar Menor"]
[Site "San Pedro del Pinatar ESP"]
[Date "2015.01.31"]
[Round "3.2"]
[White "Sabater Sanchez, Asensio"]
[Black "Martinez Minarro, Francisco Jo"]
[Result "0-1"]
[WhiteElo "2117"]
[BlackElo "1885"]
[PlyCount "86"]
[EventDate "2015.01.30"]
[EventType "swiss"]
[EventRounds "7"]
[EventCountry "ESP"]
[Source "lmi"]
[SourceDate "2015.01.03"]

1. b3 d6 2. d4 e5 3. e3 exd4 4. Qxd4 Nc6 5. Qd1 Nf6 6. Bb2 Be7 7. Nf3 Bf5 8. c4
Qd7 9. Nc3 Nd8 10. Be2 c6 11. O-O Ne6 12. Nh4 Nc5 13. Nxf5 Qxf5 14. Bf3 O-O-O
15. e4 Qe6 16. Re1 g5 17. g3 g4 18. Bg2 h5 19. b4 Ncd7 20. b5 Ne5 21. bxc6 Nxc6
22. Nd5 h4 23. Qa4 hxg3 24. hxg3 Rh5 25. Nf4 Qd7 26. Bxf6 Ra5 27. Qb3 Bxf6 28.
Rab1 Nd4 29. Qd3 Be5 30. Ne2 Ne6 31. Qd2 Ra6 32. Nc1 Nc5 33. Nb3 Qa4 34. Nxc5
dxc5 35. Qg5 Re6 36. Qxg4 Qxa2 37. Qf3 Rf6 38. Bh3+ Kb8 39. Bf5 Rfd6 40. Rbd1
Bd4 41. e5 Qxf2+ 42. Qxf2 Bxf2+ 43. Kxf2 Rxd1 0-1

[Event "6. Torneo de Promoción C.A. Mar Menor"]
[Site "San Pedro del Pinatar ESP"]
[Date "2015.01.31"]
[Round "3.3"]
[White "Escudero Manzano, Sergio"]
[Black "Mateos Martinez, Francisco Ram"]
[Result "1-0"]
[WhiteElo "2081"]
[BlackElo "1842"]
[PlyCount "37"]
[EventDate "2015.01.30"]
[EventType "swiss"]
[EventRounds "7"]
[EventCountry "ESP"]
[Source "lmi"]
[SourceDate "2015.01.03"]

1. e4 e6 2. d4 d5 3. Nd2 dxe4 4. Nxe4 Bd7 5. Nf3 Bc6 6. Bd3 Nd7 7. Bd2 Ngf6 8.
Qe2 Be7 9. O-O-O Nxe4 10. Bxe4 Bxe4 11. Qxe4 c6 12. Qg4 O-O 13. Bh6 Bf6 14.
Rhe1 Qa5 15. Kb1 Rfd8 16. Nd2 Qf5 17. Qg3 Bxd4 18. Ne4 Qg6 19. Rxd4 1-0